| 000 | 00517nam a2200193 a 4500 | ||
|---|---|---|---|
| 005 | 20210219152841.0 | ||
| 008 | 991125n 000 0 spa u | ||
| 035 | _aUPN01000063013 | ||
| 100 | 1 | _aLemus, Luis Arturo | |
| 222 | _aLA EDUCACIÓN | ||
| 245 | _aAdministración de la educación | ||
| 300 | _a75-87 | ||
| 362 | 0 | _a1974 Año 19, nos. 68-69, ene.-ago. | |
| 653 | 0 | _aADMINISTRACION EDUCATIVA | |
| 653 | 0 | _aRECURSOS HUMANOS | |
| 653 | 0 | _aRELACIONES HUMANAS | |
| 904 |
_aAC _b000824 |
||
| 905 | _aArticulo | ||
| 999 |
_c61939 _d61939 |
||